|
|
|
|
| LEADER |
00000nab a2200000 a 4500 |
| 001 |
vtls000171938 |
| 003 |
SK-MaSNL |
| 005 |
20260303205656.0 |
| 008 |
111104c1983 xo 0 slo |
| 015 |
|
|
|a SNBRB19rr/mm-uuuuu
|
| 035 |
|
|
|a CL0182049
|
| 040 |
|
|
|a SNKBUCL
|b slo
|c SNKBUCL
|e AACR2
|
| 041 |
0 |
|
|a slo
|
| 044 |
|
|
|a xo
|c SK
|
| 080 |
|
|
|a 792.5:791.43.097
|2 1981
|
| 080 |
|
|
|a 791.43.097
|2 1981
|
| 100 |
1 |
|
|a Palovčík, Michal,
|d 1921-2002
|4 aut
|9 105075
|
| 245 |
1 |
0 |
|a Poézia rozprávky
|b Po premiére novej slovenskej televíznej opery
|c Michal Palovčík ; Jaroslav Meier, Ľudmila Podjavorinská, Jela Vrteľová-Krčméryová
|
| 500 |
|
|
|a /Libreto na motívy Ľudmily Podjavorinskej napísala Jela Vrteľová-Krčméryová./
|
| 610 |
2 |
7 |
|a Československá televízia
|2 snkbucl
|9 215938
|
| 650 |
0 |
7 |
|a Meier, Jaroslav
|2 snkbucl
|9 941504
|
| 651 |
|
7 |
|a 5100
|2 snkbucl
|9 166206
|
| 655 |
|
7 |
|a články z novín a časopisov
|2 snkbucl
|9 267496
|
| 773 |
0 |
|
|t Pravda
|g Roč. 64, č. 288 (6. 12. 1983), s. 5
|
| 850 |
|
|
|a Slovenská národná knižnica v Martine
|a MTA001
|
| 852 |
|
|
|a SNK
|b KIS3GCP
|
| 958 |
|
|
|a RK
|
| 992 |
|
|
|a RBX
|
| 999 |
|
|
|c 2196556
|d 2198486
|